Generovanie hodnôt náhodných premenných v teórii rizika a ich štatistické spracovanie diplomová práca

Gespeichert in:
Bibliographische Detailangaben
1. Verfasser: Gardoš, Marián
Körperschaft: Fakulta hospodárskej informatiky EU. Katedra matematiky
Weitere Verfasser: Mucha, Vladimír, 1976-
Format: Buch
Sprache:Slowakisch
Veröffentlicht: Bratislava 2011
Tags: Tag hinzufügen
Keine Tags, Fügen Sie das erste Tag hinzu!

MARC

LEADER 00000nbm a2200000 4500
001 0132292
005 20161109101804.8
041 0 |a slo 
044 |a SK 
245 1 0 |a Generovanie hodnôt náhodných premenných v teórii rizika a ich štatistické spracovanie  |b diplomová práca  |c Marián Gardoš ; školiteľ: Vladimír Mucha 
264 1 |a Bratislava  |c 2011 
300 |a 70 s. 
100 1 |a Gardoš, Marián 
700 1 |a Mucha, Vladimír, 1976- 
710 2 |a Fakulta hospodárskej informatiky EU. Katedra matematiky